| 000 -LEADER |
| fixed length control field |
00978nam a2200253Ia 4500 |
| 001 - CONTROL NUMBER |
| control field |
15834 |
| 003 - CONTROL NUMBER IDENTIFIER |
| control field |
GE_BSU |
| 008 - FIXED-LENGTH DATA ELEMENTS--GENERAL INFORMATION |
| fixed length control field |
181216s||||||||xx |||||||||||||| ||und|| |
| 020 ## - INTERNATIONAL STANDARD BOOK NUMBER |
| International Standard Book Number |
978-9941-400-06-3 |
| 040 ## - CATALOGING SOURCE |
| Transcribing agency |
GE_BSU |
| 080 ## - UNIVERSAL DECIMAL CLASSIFICATION NUMBER |
| Universal Decimal Classification number |
821.353.1-32 |
| 100 ## - MAIN ENTRY--PERSONAL NAME |
| Personal name |
ჭავჭავაძე, ი. (ილია, 1837-1907) |
| 245 ## - TITLE STATEMENT |
| Title |
ოთარაანთ ქვრივი |
| 245 ## - TITLE STATEMENT |
| Remainder of title |
მოთხრობა ქართ. და აზერბ. ენ |
| 245 ## - TITLE STATEMENT |
| Statement of responsibility, etc. |
თარგმნა ემინ მაჰმუდოვმა ; მხატვ. გიორგი წერეთელი |
| 260 ## - PUBLICATION, DISTRIBUTION, ETC. |
| Place of publication, distribution, etc. |
თბილისი |
| 260 ## - PUBLICATION, DISTRIBUTION, ETC. |
| Name of publisher, distributor, etc. |
კავკასიური სახლი |
| 260 ## - PUBLICATION, DISTRIBUTION, ETC. |
| Date of publication, distribution, etc. |
2008 |
| 300 ## - PHYSICAL DESCRIPTION |
| Extent |
157 გვ. ; 20 სმ. |
| 520 ## - SUMMARY, ETC. |
| Summary, etc. |
პარალ. თავფურ. აზერბ.. - რეზ. ინგლ |
| 653 ## - INDEX TERM--UNCONTROLLED |
| Uncontrolled term |
მოთხრობა |
| 653 ## - INDEX TERM--UNCONTROLLED |
| Uncontrolled term |
ოთარაანთ ქვრივი |
| 942 ## - ADDED ENTRY ELEMENTS (KOHA) |
| Koha item type |
წიგნი |